书目信息 |
| 题名: |
汉乙瑛碑
|
|
| 作者: | ;历代碑帖法书选编辑组 编著 | |
| 分册: | ||
| 出版信息: | 北京 文物出版社 1982 |
|
| 页数: | 1册 | |
| 开本: | 25cm | |
| 丛书名: | 历代碑帖法书选 | |
| 单 册: | ||
| 中图分类: | J292.22 | |
| 科图分类: | ||
| 主题词: | 碑帖-隶书--中国--东汉时代 , 隶书-碑帖--中国--东汉时代 | |
| 电子资源: | ||
| ISBN: | ||
| 000 | 00780nam0 2200277 45 | |
| 001 | 0182007756 | |
| 005 | 20060803092057.82 | |
| 010 | @dCNY0.50 | |
| 091 | @aCN@b8068.1059 | |
| 100 | @a19950522d1982 em y0chiy0121 ea | |
| 101 | 0 | @achi |
| 102 | @aCN@b110000 | |
| 105 | @ay z 000yy | |
| 200 | 10 | @a汉乙瑛碑@Ahan yi ying bei@f《历代碑帖法书选》编辑组编著 |
| 205 | @b影印本 | |
| 210 | @a北京@c文物出版社@d1982 | |
| 215 | @a1册@d25cm | |
| 225 | 2 | @a历代碑帖法书选 |
| 410 | 0 | @120010@a历代碑帖法书选 |
| 606 | @a碑帖-隶书@y中国@z东汉时代 | |
| 606 | @a隶书-碑帖@y中国@z东汉时代 | |
| 690 | @aJ292.22@v3 | |
| 711 | 02 | @a历代碑帖法书选编辑组@Ali dai bei tie fa shu xuan bian ji zu@4编著 |
| 801 | 2 | @aCN@bNLC@c20060803 |
| 801 | 0 | @aCN@bTSSF |
| 905 | @a10447@dJ292.22@e354 | |
| 汉乙瑛碑/《历代碑帖法书选》编辑组编著.-影印本.-北京:文物出版社,1982 |
| 1册;25cm.-(历代碑帖法书选) |
| ISBN :CNY0.50 |
| ● |
| 相关链接 |
|
|
|
|
正题名:汉乙瑛碑
索取号:J292.22/354
 
预约/预借
| 序号 | 登录号 | 条形码 | 馆藏地/架位号 | 状态 | 备注 |
| 1 | 0444376 | 204443762 | 密集书库/ [索取号:J292.22/354] | 在馆 |